Online
Catalog

El hombre que mataba a sus hijos / (Record no. 18288)

MARC details
000 -CABECERA
campo de control de longitud fija 00654cam a2200205 a 4500
001 - NÚMERO DE CONTROL
campo de control 000018768
005 - FECHA Y HORA DE LA ÚLTIMA TRANSACCIÓN
campo de control 20200929165844.0
008 - DATOS DE LONGITUD FIJA--INFORMACIÓN GENERAL
campo de control de longitud fija 790620s1968 ec 000 f spa d
040 ## - FUENTE DE LA CATALOGACIÓN
Centro catalogador/agencia de origen DO-SdBNP
Centro/agencia transcriptor NSbSU
Centro/agencia modificador DLC
-- BNPHU
042 ## - CÓDIGO DE AUTENTICACIÓN
Código de autenticación premarc
082 ## - NÚMERO DE LA CLASIFICACIÓN DECIMAL DEWEY
Número de clasificación E863.4
Número de documento/Ítem D687h
049 ## - FONDOS LOCALES (OCLC)
Fondos de biblioteca BNGR
100 1# - ENTRADA PRINCIPAL--NOMBRE DE PERSONA
Nombre de persona Donoso Pareja, Miguel,
Fechas asociadas al nombre 1931-
9 (RLIN) 23191
245 13 - MENCIÓN DE TÍTULO
Título El hombre que mataba a sus hijos /
Mención de responsabilidad, etc. Miguel Donoso Pareja.
260 ## - PUBLICACIÓN, DISTRIBUCIÓN, ETC.
Lugar de publicación, distribución, etc. Quito :
Nombre del editor, distribuidor, etc. Casa de la Cultura Eduatoriana,
Fecha de publicación, distribución, etc. 1968.
300 ## - DESCRIPCIÓN FÍSICA
Extensión 123, [124-125] p. ;
Dimensiones 18 cm.
650 #4 - PUNTO DE ACCESO ADICIONAL DE MATERIA--TÉRMINO DE MATERIA
Término de materia o nombre geográfico como elemento de entrada Novela ecuatoriana
9 (RLIN) 5017
650 #4 - PUNTO DE ACCESO ADICIONAL DE MATERIA--TÉRMINO DE MATERIA
Término de materia o nombre geográfico como elemento de entrada Literatura ecuatoriana
Subdivisión cronológica SIGLO XX
9 (RLIN) 14420
910 ## - DATOS DE OPCIÓN DEL USUARIO (OCLC)
Datos de opción del usuario Catalogación derivada / LC
Holdings
Estado de retiro Estado de pérdida Restricciones de uso No para préstamo Código de colección Localización permanente Ubicación/localización actual Ubicación en estantería Fecha de adquisición Número de inventario Total de préstamos Signatura topográfica completa Código de barras Fecha visto por última vez Precio válido a partir de Tipo de ítem Koha
        Monografías: Libros y Folletos General General En catalogación 18.05.2010 LF1   E863.4 D687h 18768-10 25.06.2020 25.06.2020 Préstamo en sala

Powered by Koha